Estrategia jurídica /

Guardado en:
Autor Principal: Ciuro Caldani, Miguel Angel
Formato: Libro
Idioma:Spanish
Publicado: Rosario : UNR, 2011
Edición:1a. ed.
Materias:
Etiquetas: Agregar Etiqueta
Sin Etiquetas, Sea el primero en etiquetar este registro!
LEADER 00455nam a22001575a 4500
001 DER.der011268
008 180615s2011####ag#||||||||||||||#||spa||
005 20241106122117.0
245 1 0 |a Estrategia jurídica /  |c Miguel Angel Ciuro Caldani. 
250 |a 1a. ed. 
260 |a Rosario :  |b UNR,  |c 2011 
300 |a 254 p. 
020 |a 9789506738952 
100 1 |a Ciuro Caldani, Miguel Angel 
650 7 |a FILOSOFIA DEL DERECHO 
859 |a DERECHO  |b BIB. DERECHO  |h 340  |i CIU  |p 006647